[Event "Voronezh op-B 22nd"]
[Site "Voronezh"]
[Date "2018.06.14"]
[Round "3"]
[White "Lesnykh, Zhanna"]
[Black "Gerasko, Viacheslav"]
[Result "1-0"]
[WhiteElo "1616"]
[BlackElo "1862"]
[PlyCount "75"]
[EventDate "2018.06.12"]
[EventType "swiss"]
[EventRounds "9"]
[EventCountry "RUS"]
[SourceTitle "CBM 185 Extra"]
[Source "ChessBase"]
[SourceDate "2018.07.29"]
[SourceVersion "1"]
[SourceVersionDate "2018.07.29"]
[SourceQuality "1"]

1. f4 d5 2. Nf3 g6 3. g3 Bg7 4. Bg2 Nf6 5. 0-0 0-0 6. d3 c5 7. Nc3 Nc6 8. e4 d4 9. Ne2 h6 10. c4 Be6 11. h3 Qc8 12. Kh2 a6 13. g4 Bd7 14. Ng3 Kh7 15. e5 Ng8 16. Ne4 b6 17. Bd2 Qc7 18. Qe1 f6 19. exf6 exf6 20. Qg3 Rae8 21. Rae1 Nge7 22. Kh1 f5 23. gxf5 Nxf5 24. Qf2 Ne3 25. Bxe3 dxe3 26. Rxe3 Rxf4 27. Nfg5+ hxg5 28. Nxg5+ Kh6 29. Nf7+ Kh7 30. Ng5+ Kg8 31. Rxe8+ Bxe8 32. Qxf4 Qxf4 33. Rxf4 Bxb2 34. Bd5+ Kg7 35. Ne6+ Kh7 36. Rh4+ Kg8 37. Nd8+ Kg7 38. Nxc6 1-0

[Event "Voronezh op-B 19th"]
[Site "Voronezh"]
[Date "2015.06.19"]
[Round "7"]
[White "Tatarintsev, Egor"]
[Black "Gerasko, Viacheslav"]
[Result "1-0"]
[WhiteElo "1769"]
[BlackElo "1919"]
[PlyCount "77"]
[EventDate "2015.06.12"]
[EventType "swiss"]
[EventRounds "9"]
[EventCountry "RUS"]
[SourceTitle "CBM 167 Extra"]
[Source "ChessBase"]
[SourceDate "2015.09.14"]
[SourceVersion "1"]
[SourceVersionDate "2015.09.14"]
[SourceQuality "1"]

1. e4 c5 2. Nf3 Nc6 3. Bb5 Nd4 4. Nxd4 cxd4 5. c3 Qb6 6. Ba4 g6 7. cxd4 Qxd4 8. Nc3 a6 9. d3 e6 10. Be3 Qb4 11. a3 Qd6 12. Rc1 Bg7 13. Bc5 Qb8 14. d4 b6 15. Bb4 b5 16. Bb3 a5 17. Bc5 Ba6 18. e5 Qb7 19. Bc2 f5 20. Rg1 Bh6 21. g4 Bxc1 22. Qxc1 b4 23. Na4 Qb5 24. Qd2 Rb8 25. Bd6 Ra8 26. axb4 axb4 27. gxf5 exf5 28. Qe3 Bc8 29. b3 Kf7 30. Bxf5 gxf5 31. Qf3 Nh6 32. Qxa8 Qd3 33. e6+ Kf6 34. Be5+ Ke7 35. Rg7+ Nf7 36. Rxf7+ Kxe6 37. Nc5+ Kxf7 38. Qd5+ Kg6 39. Nxd3 1-0

[Event "Voronezh op-B 18th"]
[Site "Voronezh"]
[Date "2014.06.18"]
[Round "7"]
[White "Gerasko, Viacheslav"]
[Black "Ponomarchuk, Anastasia"]
[Result "1-0"]
[WhiteElo "1954"]
[BlackElo "1759"]
[PlyCount "87"]
[EventDate "2014.06.12"]
[EventType "swiss"]
[EventRounds "9"]
[EventCountry "RUS"]
[SourceTitle "EXT 2015"]
[Source "ChessBase"]
[SourceDate "2014.11.20"]
[SourceVersion "1"]
[SourceVersionDate "2014.11.20"]
[SourceQuality "1"]

1. c4 f5 2. g3 Nf6 3. Bg2 d6 4. d4 g6 5. Nf3 Bg7 6. 0-0 0-0 7. Nc3 Qe8 8. d5 a5 9. Nb5 Na6 10. Ng5 h6 11. Nf3 c6 12. dxc6 bxc6 13. Nfd4 Bd7 14. Nc3 Nc5 15. Nb3 Nb7 16. Na4 e5 17. Nb6 Rd8 18. Bd2 Ne4 19. Be1 Qf7 20. Nxa5 Nxa5 21. Bxa5 Be6 22. Qc2 d5 23. c5 Qe7 24. Bb4 Nf6 25. a4 e4 26. a5 d4 27. a6 Qa7 28. Rfd1 Nd5 29. Be1 Nxb6 30. cxb6 Qxb6 31. Ba5 Qb5 32. Bxd8 Rxd8 33. Qd2 c5 34. a7 Bd5 35. Ra5 Qb6 36. Rda1 Ba8 37. Qc2 Rc8 38. Ra6 Qb5 39. Rxg6 c4 40. Qc1 Kh7 41. Raa6 Bb7 42. Rxg7+ Kxg7 43. Qxh6+ Kg8 44. Rg6+ 1-0

[Event "Voronezh op-B 17th"]
[Site "Voronezh"]
[Date "2013.06.19"]
[Round "8"]
[White "Voischeva, Zinaida"]
[Black "Gerasko, Viacheslav"]
[Result "1-0"]
[WhiteElo "1877"]
[BlackElo "1954"]
[PlyCount "59"]
[EventDate "2013.06.12"]
[EventType "swiss"]
[EventRounds "9"]
[EventCountry "RUS"]
[SourceTitle "EXT 2014"]
[Source "ChessBase"]
[SourceDate "2013.11.20"]
[SourceVersion "1"]
[SourceVersionDate "2013.11.20"]
[SourceQuality "1"]

1. e4 c5 2. Nf3 Nc6 3. Bb5 a6 4. Bxc6 bxc6 5. 0-0 Nf6 6. e5 Nd5 7. c4 Nc7 8. d4 cxd4 9. Qxd4 Ne6 10. Qh4 Bb7 11. Nc3 Qc7 12. Re1 Nc5 13. Ng5 Nd3 14. Re2 Nxe5 15. Qg3 f6 16. Bf4 d6 17. Bxe5 dxe5 18. Ne6 Qd7 19. Nc5 Qc8 20. N3a4 Rb8 21. Rd2 Qf5 22. Qb3 Qc8 23. Nb6 Qf5 24. Nbd7 Rd8 25. Qxb7 e6 26. Qxc6 Bxc5 27. Nxc5+ Kf7 28. Qc7+ Kg6 29. Rxd8 Rxd8 30. Qxd8 1-0

[Event "Voronezh op-B 17th"]
[Site "Voronezh"]
[Date "2013.06.13"]
[Round "2"]
[White "Gerasko, Viacheslav"]
[Black "Sedykh, Egor"]
[Result "1/2-1/2"]
[WhiteElo "1954"]
[BlackElo "1845"]
[PlyCount "73"]
[EventDate "2013.06.12"]
[EventType "swiss"]
[EventRounds "9"]
[EventCountry "RUS"]
[SourceTitle "EXT 2014"]
[Source "ChessBase"]
[SourceDate "2013.11.20"]
[SourceVersion "1"]
[SourceVersionDate "2013.11.20"]
[SourceQuality "1"]

1. c4 c5 2. Nc3 Nc6 3. g3 g6 4. Bg2 Bg7 5. Nf3 d6 6. d3 Nh6 7. 0-0 Nf5 8. e3 h5 9. h3 e6 10. Kh2 Rb8 11. a3 a6 12. Rb1 b5 13. cxb5 axb5 14. Nh4 Nfe7 15. f4 d5 16. Ne2 Ba6 17. b4 c4 18. Bb2 0-0 19. Bxg7 Kxg7 20. d4 Nf5 21. Nxf5+ exf5 22. Nc3 Ne7 23. Qf3 Qd7 24. Rb2 Bb7 25. Ra1 Bc6 26. Qd1 Qe6 27. Qc1 Qd7 28. Rab1 Rb7 29. a4 Ra8 30. a5 Rbb8 31. Nd1 Rh8 32. Nf2 f6 33. Qc3 Kf7 34. Re1 Kg7 35. Ra2 Ra6 36. Rd2 Bb7 37. Bf3 1/2-1/2

[Event "Voronezh op-B 15th"]
[Site "Voronezh"]
[Date "2011.06.16"]
[Round "5"]
[White "Sukhareva, Evgenia"]
[Black "Gerasko, Viacheslav"]
[Result "1-0"]
[WhiteElo "2194"]
[BlackElo "1962"]
[PlyCount "85"]
[EventDate "2011.06.12"]
[EventType "swiss"]
[EventRounds "9"]
[EventCountry "RUS"]
[SourceTitle "CBM 143 Extra"]
[Source "ChessBase"]
[SourceDate "2011.08.29"]
[SourceVersion "1"]
[SourceVersionDate "2011.08.29"]
[SourceQuality "1"]

1. d4 Nf6 2. c4 e6 3. Nf3 d5 4. Nc3 Be7 5. Bf4 a6 6. e3 Nc6 7. h3 h6 8. a3 0-0 9. Rc1 Bd6 10. Ne5 Na7 11. c5 Be7 12. b4 Nd7 13. Bd3 Bg5 14. Bh2 Nxe5 15. Bxe5 Nc6 16. Bh2 f5 17. 0-0 f4 18. exf4 Bxf4 19. Bxf4 Rxf4 20. Ne2 Rf8 21. f4 Qh4 22. Qb3 Ne7 23. a4 Nf5 24. Bxf5 Rxf5 25. b5 axb5 26. axb5 Bd7 27. Ra1 Rff8 28. Rac1 c6 29. b6 Be8 30. Qe3 Bf7 31. Ra1 Qf6 32. Ra7 Bh5 33. Ng3 Bg6 34. Rxb7 Ra2 35. Rc7 Be8 36. Rb1 Qg6 37. Re1 Rb2 38. Qxe6+ Qxe6 39. Rxe6 h5 40. Ree7 Bf7 41. Nxh5 Rb4 42. b7 Rxd4 43. Rxf7 1-0

[Event "Voronezh op-B 15th"]
[Site "Voronezh"]
[Date "2011.06.13"]
[Round "2"]
[White "Gerasko, Viacheslav"]
[Black "Torshin, Anton1111"]
[Result "0-1"]
[WhiteElo "1962"]
[BlackElo "2148"]
[PlyCount "66"]
[EventDate "2011.06.12"]
[EventType "swiss"]
[EventRounds "9"]
[EventCountry "RUS"]
[SourceTitle "CBM 143 Extra"]
[Source "ChessBase"]
[SourceDate "2011.08.29"]
[SourceVersion "1"]
[SourceVersionDate "2011.08.29"]
[SourceQuality "1"]

1. d4 Nf6 2. c4 g6 3. Nf3 Bg7 4. Nc3 d6 5. Bf4 0-0 6. e4 Nh5 7. Bg5 f6 8. Be3 e5 9. d5 a5 10. Qd2 Na6 11. h3 f5 12. exf5 gxf5 13. Bg5 Qe8 14. Be2 f4 15. Bh4 e4 16. Ng5 f3 17. Bf1 h6 18. Ngxe4 Bxc3 19. bxc3 Qxe4+ 20. Kd1 Qxh4 21. Qxh6 Rf6 22. Qe3 Bd7 23. g3 Re8 24. Qxe8+ Bxe8 25. gxh4 Nc5 26. Rg1+ Kh7 27. Kd2 Bg6 28. Re1 Rf7 29. Rg4 Ne4+ 30. Ke3 Re7 31. Rxg6 Nef6+ 32. Kxf3 Kxg6 33. Bd3+ Kf7 0-1

[Event "Voronezh op-B"]
[Site "Voronezh"]
[Date "2008.06.14"]
[Round "3"]
[White "Gerasko, Viacheslav"]
[Black "Gritsenko, Vladimir"]
[Result "0-1"]
[WhiteElo "2046"]
[BlackElo "2234"]
[PlyCount "62"]
[EventDate "2008.06.12"]
[EventType "swiss"]
[EventRounds "9"]
[EventCountry "RUS"]
[SourceTitle "CBM 125 Extra"]
[Source "ChessBase"]
[SourceDate "2008.09.01"]
[SourceVersion "1"]
[SourceVersionDate "2008.09.01"]
[SourceQuality "1"]

1. d4 g6 2. e4 Bg7 3. c4 d6 4. Nc3 Nf6 5. Nf3 0-0 6. Be2 c5 7. d5 e6 8. 0-0 Re8 9. Qc2 Na6 10. a3 Nc7 11. Bg5 h6 12. Bh4 exd5 13. cxd5 g5 14. Bg3 Nh5 15. Rae1 Rb8 16. Nd2 Nxg3 17. fxg3 b5 18. Bh5 Rf8 19. g4 Be5 20. Nf3 Qe7 21. Ne2 Ne8 22. Nxe5 Qxe5 23. Ng3 Nf6 24. Qe2 Kg7 25. Rf2 Ng8 26. Qf3 Ne7 27. Ref1 f6 28. h4 gxh4 29. Nf5+ Nxf5 30. gxf5 Qg3 31. Qe2 h3 0-1

[Event "Voronezh-ch sf"]
[Site "Voronezh"]
[Date "2007.02.09"]
[Round "4"]
[White "Gerasko, Viacheslav"]
[Black "Gritsenko, Vladimir"]
[Result "0-1"]
[WhiteElo "2097"]
[BlackElo "2220"]
[PlyCount "44"]
[EventDate "2007.02.06"]
[EventType "swiss"]
[EventRounds "9"]
[EventCountry "RUS"]
[SourceTitle "EXT 2019"]
[Source "ChessBase"]
[SourceDate "2018.10.10"]
[SourceVersion "1"]
[SourceVersionDate "2018.10.10"]
[SourceQuality "1"]

1. d4 Nf6 2. Nf3 c5 3. d5 b5 4. c4 e6 5. dxe6 fxe6 6. cxb5 d5 7. e3 Bb7 8. Be2 Bd6 9. 0-0 0-0 10. b3 e5 11. Bb2 Qe7 12. h3 Nbd7 13. Nbd2 e4 14. Nh2 Bc7 15. Re1 Rf7 16. Ndf1 Raf8 17. f4 exf3 18. Bxf3 Ne5 19. Be2 Ne4 20. Nf3 Nxf3+ 21. Bxf3 Rxf3 22. Nh2 Rf2 0-1